| 000 | 00758nam a22002657a 4500 | ||
|---|---|---|---|
| 001 | BR8006350 | ||
| 003 | BR-BrBNA | ||
| 005 | 20230928090803.0 | ||
| 007 | ta | ||
| 008 | 230509b bl.||||| |||| 00| 0 por d | ||
| 040 |
_aBR-BrBNA _bpor _cBiblioteca Nacional de Agricultura |
||
| 041 | _a(Por) | ||
| 072 |
_aK20 _b/G514 |
||
| 090 | _ K20 BR8006350 | ||
| 100 | 1 | _aDubi, Y. | |
| 110 | 1 | _aSuperintendencia do Desenvolvimento da Amazonia, Belem, PA (Brasil) | |
| 245 | 1 | _aEm busca de uma politica florestal para a amazonia brasileira | |
| 260 | 3 |
_aBelem, PA (Brasil): _c1980. |
|
| 300 | _a187 p. | ||
| 500 | _a7 Maps, scale 1:20.000.000 | ||
| 650 | _aPOLITICA FLORESTAL | ||
| 650 | _aAMAZONIA | ||
| 909 |
_a202309 _bLucia _c55 _dLucia Elande |
||
| 942 | _cBK | ||
| 999 |
_c30538 _d30538 |
||